Pays ayant des tigres sauvages - Statistiques

Statistiques générales
  • Ce quiz a été pris 31 910 fois
    30 580 depuis la dernière actualisation
  • Le résultat moyen est 9 sur 13
Statistiques - réponses
Population Pays % Correct
> 7 Chine
95%
2 226 Inde
95%
189 Thaïlande
76%
< 5 Viêt Nam
75%
371 Indonésie
72%
2 Laos
70%
198 Népal
69%
433 Russie
69%
106 Bangladesh
68%
? Birmanie
62%
250 Malaisie
60%
103 Bhoutan
56%
? Corée du Nord
31%
Aucun quiz correspondant
Distribution des résultats
% des personnes avec chaque résultat
Percentile par nombre de réponses
Votre historique - résultats
Vous n’avez pas pris ce quiz depuis la dernière actualisation